Leading Countries by YouTube Audience - Statistics

General Stats
  • This quiz has been taken 35 times
  • The average score is 15 of 20
Answer Stats
YouTube Audience Country % Correct
239 Million United States
100%
462 Million India
97%
56.2 Million United Kingdom
93%
31.9 Million Canada
90%
50.7 Million France
90%
83.1 Million Mexico
90%
42.8 Million Italy
86%
67.8 Million Germany
83%
78.6 Million Japan
83%
39.7 Million Spain
83%
144 Million Brazil
72%
139 Million Indonesia
72%
71.7 Million Pakistan
72%
44.3 Million South Korea
66%
44.7 Million Egypt
59%
33.6 Million Bangladesh
55%
57.5 Million Turkey
55%
44.2 Million Thailand
52%
63 Million Vietnam
52%
58.1 Million Philippines
48%
No matching quizzes found
Score Distribution
Percent of People with Each Score
Percentile by Number Answered
Your Score History
You have not taken this quiz